| 000 -LEADER |
| fixed length control field |
00738nam a22001337a 4500 |
| 040 ## - CATALOGING SOURCE |
| Transcribing agency |
RUA |
| 082 ## - DEWEY DECIMAL CLASSIFICATION NUMBER |
| Classification number |
AGR KHA 2002 B028 Or.1 |
| 100 ## - MAIN ENTRY--AUTHOR NAME |
| Personal name |
KHAY, VANNAK. |
| 245 ## - TITLE STATEMENT |
| Title |
Effect of plant leaves with pesticide properties in control of SITOPHILUS ZEAMAIS on corn in storage ឥទ្ធិពលនៃស្លឹករុក្ខជាតិដែលមានអំពើក្នុងការកំចាត់ខ្មូត ស៊ីតូហ្វីលុស ហ្សេអាមេអ៊ីស ដែលបំផ្លាញគ្រាប់ពោត |
| 260 ## - PUBLICATION, DISTRIBUTION, ETC. (IMPRINT) |
| Place of publication |
Phnom Penh |
| Name of publisher |
RUA |
| Year of publication |
2002 |
| 300 ## - PHYSICAL DESCRIPTION |
| Number of Pages |
54p. |
| Other physical details |
ill. |
| Dimensions |
29cm. |
| 856 ## - ELECTRONIC LOCATION AND ACCESS |
| Uniform Resource Identifier |
https://drive.google.com/file/d/1KG6MFcKktOElG0P-Yawl2W7VQGCpZMxM/view?usp=sharing |
| 942 ## - ADDED ENTRY ELEMENTS (KOHA) |
| Koha item type |
AGR |
| 952 ## - LOCATION AND ITEM INFORMATION (KOHA) |
| Withdrawn status [LOCAL, KOHA] |
0 |
| 952 ## - LOCATION AND ITEM INFORMATION (KOHA) |
| Withdrawn status [LOCAL, KOHA] |
0 |
| 952 ## - LOCATION AND ITEM INFORMATION (KOHA) |
| Withdrawn status [LOCAL, KOHA] |
0 |
| 952 ## - LOCATION AND ITEM INFORMATION (KOHA) |
| Withdrawn status [LOCAL, KOHA] |
0 |
| 952 ## - LOCATION AND ITEM INFORMATION (KOHA) |
| Withdrawn status [LOCAL, KOHA] |
0 |